Compendio de Legislación del Trabajo y de la Seguridad Social
Ley de contrato de trabajo y normas complementarias
Guardado en:
| Formato: | Desconocido |
|---|---|
| Idioma: | Spanish |
| Publicado: |
Buenos Aires :
La Ley,
2006
|
| Edición: | 10º ed. |
| Series: | Universitaria
|
| Etiquetas: |
Agregar Etiqueta
Sin Etiquetas, Sea el primero en etiquetar este registro!
|
| LEADER | 01302nac a22003735a 4500 | ||
|---|---|---|---|
| 001 | DER.der001670 | ||
| 005 | 20190531115440.0 | ||
| 008 | 180615s2006####ag#||||||||||||||#||spa|| | ||
| 020 | |a 987-03-0799-X | ||
| 245 | 1 | 0 | |a Compendio de Legislación del Trabajo y de la Seguridad Social |
| 250 | |a 10º ed. | ||
| 260 | |a Buenos Aires : |b La Ley, |c 2006 | ||
| 300 | |a 784 p. | ||
| 440 | 0 | |a Universitaria | |
| 500 | |a Incluye el texto completo de la ley 25.877, de reforma laboral | ||
| 520 | |a Ley de contrato de trabajo y normas complementarias | ||
| 520 | |a Ley nacional de empleo y normas complementarias | ||
| 520 | |a Reforma laborales | ||
| 520 | |a Jornada laboral | ||
| 520 | |a Régimen de licencias | ||
| 520 | |a Régimen de pasantías | ||
| 520 | |a Riesgos del trabajo | ||
| 520 | |a Asignaciones familiares | ||
| 520 | |a Asociaciones sindicales | ||
| 520 | |a Convenciones colectivas | ||
| 520 | |a Negociación colectiva | ||
| 520 | |a Conciliación laboral | ||
| 520 | |a Higiene y seguridad en el trabajo | ||
| 520 | |a Justicia Nacional del Trabajo | ||
| 520 | |a Estatutos profesionales | ||
| 520 | |a Sistema integrado de Jubilaciones y Pensiones | ||
| 520 | |a Sistema nacional del seguro de salud | ||
| 520 | |a Obras sociales | ||
| 859 | |a DERECHO |b BIB. DERECHO |h 344.01 |i COM |k 24 D |p 000221 | ||
